Gminy Powiatu Średzkiego - Statystyki

Ogólne statystyki
  • Ten quiz został rozwiązany 35 razy
  • Średni wynik to 2 z 5
Statystyki odpowiedzi
Hint Odpowiedź % Poprawnych
wiejska Zaniemyśl
65%
wiejska Krzykosy
60%
wiejska Dominowo
50%
wiejska Nowe Miasto Nad wartą
40%
miejsko-wiejska Środa Wielkopolskiego
15%
Nie znaleziono quizów pasujących do podanych kryteriów
Rozkład punktacji
Procent ludzi z każdym wynikiem
Percentyl według liczby udzielonych odpowiedzi
Twoja historia wyników
Nie rozwiązałeś tego quizu